Laddar...

Diseases of rice

Bibliografiska uppgifter
Huvudupphovsman: Ramakrishnan, T S
Materialtyp: Printed Book
Språk:Undetermined
English
Publicerad: New Delhi ICAR 1971
Ämnen:
LEADER 00547nam a2200181Ia 4500
008 140306s9999 xx 000 0 und d
041 |a eng 
082 |a 632  |b RAM/DI 
100 |a Ramakrishnan, T S 
245 |a Diseases of rice 
260 |a New Delhi  |b ICAR  |c 1971 
300 |a 150 
365 |b Rs.50 
650 |a Plant disease 
650 |a Plant pathology 
942 |2 ddc  |c BK 
999 |c 107160  |d 107160 
952 |0 0  |1 0  |2 ddc  |4 0  |6 632_000000000000000_RAMDI  |7 0  |9 104297  |a KAUHCV  |b KAUHCV  |d 2004-03-18  |g 50.00  |o 632 RAM/DI  |p KAU_HCV-1745  |r 2014-03-22  |w 2014-03-22  |y BK